| 000 | 00437nam a2200169Ia 4500 | ||
|---|---|---|---|
| 005 | 20250423101331.0 | ||
| 008 | 250422s9999 xx 000 0 und d | ||
| 020 | _a0877799024 | ||
| 050 | _aPE 1591 .M47/ | ||
| 245 | 4 | _aThe Merriam-Webster thesaurus. | |
| 260 | _aSpringfield | ||
| 260 | _bMerriam-Webster Inc. | ||
| 260 | _c1989 | ||
| 300 | _a648 p | ||
| 650 | _aEnglish language_Synonyms and antonyms_Dictionaries. | ||
| 942 | _cBK | ||
| 999 |
_c35999 _d35999 |
||